书目信息 |
| 题名: |
中国传统音乐文化传承与发展的再认识
|
|
| 作者: | 陈非 , 张玮 , 崔萍 著 | |
| 分册: | ||
| 出版信息: | 北京 北京工业大学出版社 2021.5 |
|
| 页数: | 152页 | |
| 开本: | 24cm | |
| 丛书名: | ||
| 单 册: | ||
| 中图分类: | J605.2 | |
| 科图分类: | ||
| 主题词: | 传统音乐--音乐文化--研究--中国 | |
| 电子资源: | ||
| ISBN: | 978-7-5639-6676-9 | |
| 000 | 00935nam0 2200253 45 | |
| 001 | 012001001694 | |
| 005 | 20141011095322.0 | |
| 010 | @a978-7-5639-6676-9@dCNY45.00 | |
| 100 | @a20191206d2018 em y0chiy50 ea | |
| 101 | 0 | @achi |
| 102 | @aCN@b110000 | |
| 105 | @ay z 000yy | |
| 106 | @ar | |
| 200 | 1 | @a中国传统音乐文化传承与发展的再认识@Azhong guo chuan tong yin yue wen hua chuan cheng yu fa zhan de zai ren shi@b专著@f陈非,张玮,崔萍著 |
| 210 | @a北京@c北京工业大学出版社@d2021.5 | |
| 215 | @a152页@d24cm | |
| 330 | @a本书共七章,包括中国传统音乐文化的结构特征和艺术特色、民间歌曲的传承与发展、民间舞蹈音乐的传承与发展、民族乐器的传承与发展等内容。 | |
| 606 | 0 | @a传统音乐@x音乐文化@x研究@y中国 |
| 690 | @aJ605.2@v5 | |
| 701 | 0 | @a陈非@Achen fei@f(1980~)@4著 |
| 701 | 0 | @a张玮@Azhang wei@c(音乐)@4著 |
| 701 | 0 | @a崔萍@Acui ping@c(音乐)@4著 |
| 801 | 2 | @aCN@b江苏凤凰@c20211018 |
| 905 | @b1345350-3@dJ605.2@e1359@f4 | |
| 中国传统音乐文化传承与发展的再认识/陈非,张玮,崔萍著.-北京:北京工业大学出版社,2021.5 |
| 152页;24cm |
| ISBN 978-7-5639-6676-9:CNY45.00 |
| 本书共七章,包括中国传统音乐文化的结构特征和艺术特色、民间歌曲的传承与发展、民间舞蹈音乐的传承与发展、民族乐器的传承与发展等内容。 |
| ● |
| 相关链接 |
|
|
|
|
正题名:中国传统音乐文化传承与发展的再认识
索取号:J605.2/1359
 
预约/预借
| 序号 | 登录号 | 条形码 | 馆藏地/架位号 | 状态 | 备注 |
| 1 | 1345350 | 213453500 | 第一样本阅览室/ [索取号:J605.2/1359] | 在馆 | |
| 2 | 1345351 | 213453519 | 第一借阅区/ [索取号:J605.2/1359] | 在馆 | |
| 3 | 1345352 | 213453528 | 第一借阅区/ [索取号:J605.2/1359] | 在馆 | |
| 4 | 1345353 | 213453537 | 第一借阅区/ [索取号:J605.2/1359] | 在馆 |